Statistics for Dartmoor: Which is higher?

Click here to take the quiz!

General Stats

  • This quiz has been taken 10 times
  • The average score is 5 of 10

Answer Stats

QuestionAnswer% Correct
Which is highestHigh Willhays
86%
Which is highestYes Tor
86%
Which is highestFur Tor
57%
Which is highestRippon Tor
57%
Which is higherKitty Tor
43%
Which is highestNorth Hessary Tor
43%
Which is higherCosdon Beacon
29%
Which is highestShell Top
29%
Which is higherWild Tor
29%
Which is highestHangingstone hill
14%

Score Distribution

Percentile by Number Answered

Percent of People with Each Score

Your Score History

You have not taken this quiz